000 02310nam a2200361Ii 4500
001 ocn902657542
003 OCoLC
005 20250325160654.0
008 150202t20152015enkb 000 1 eng d
015 _aGBB5A5242
_2bnb
016 7 _a017471640
_2Uk
020 _a9781780748719
_qsoftcover
035 _a(OCoLC)902657542
040 _aYDXCP
_beng
_erda
_cYDXCP
_dBTCTA
_dOCLCQ
_dBDX
_dOCLCQ
_dJHE
_dZHB
_dIWE
_dUAB
_dOCLCF
_dOCL
_dLTP
_dOCLCO
_dFEM
_dOCL
_dSFR
_dOCLCQ
_dVTU
_dRCL
_dNZHWP
_dUKMGB
_dNZLPP
_dUOH
041 1 _aeng
_hrus
043 _ae-ru---
050 4 _aPG3493.76.D65
_bL3813 2015
100 _aVodolazkin, E. G.,
_eauthor.
_925029
240 1 0 _aLavr.
_lEnglish.
245 1 0 _aLaurus
_c/ Eugene Vodolazkin ; translated from the Russian by Lisa C. Hayden.
264 1 _aLondon, England :
_bOneworld,
_c2015.
300 _axii, 365 pages :
_bmap ;
_c24 cm.
500 _aOriginally published in Russian, 2012.
505 0 _aProlegomenon — The Book of Cognition — The Book of Renunciation — The Book of Journeys — The Book of Repose.
520 _aIt is a time of plague and pestilence, and a young healer, skilled in the art of herbs and remedies, finds himself overcome with grief and guilt when he fails to save the one he holds closest to his heart. Leaving behind his village, his possessions and his name, he sets out on a quest for redemption, penniless and alone. But this is no ordinary journey: wandering across plague-ridden Europe, offering his healing powers to all in need, he travels through ages and countries, encountering a rich tapestry of wayfarers along the way. Accosted by highwaymen, lynched in Yugoslavia and washed overboard at sea, he eventually reaches Jerusalem, only to find his greatest challenge is yet to come. Winner of two of the biggest literary prizes in Russia, Laurus is a remarkably rich novel about the eternal themes of love, loss, self-sacrifice and faith, from one of the country’s most experimental and critically acclaimed novelists.
546 _aTranslated from the Russian.
648 0 _a1400-1499
_925030
650 0 _aPhysicians
_vFiction
_zRussia
_y15th century
651 0 _aRussia
_vFiction
_924285
655 0 _aHistorical fiction
_2fast
_0(OCoLC)fst01726640.
_922722
700 _aHayden, Lisa C.,
_etranslator.
_925031
942 _2lcc
999 _c4585
_d4585